| 000 | 00696nam a2200193 a 4500 | ||
|---|---|---|---|
| 005 | 20140412111306.0 | ||
| 008 | 010425s19uu xx 00 eng d | ||
| 020 | _a0-688-12210-8 | ||
| 050 |
_aTR(PS E _bBu85 1996 |
||
| 100 | _aCole, Joanna | ||
| 245 |
_aBug in a rug : _breading fun for just-beginners / _cJoanna Cole and Stephanie Calmenson. |
||
| 260 |
_aNew York : _bA Mulberry Paperback Back, _c1996. |
||
| 300 | _a47p. ; ill. | ||
| 520 | _aIncludes simple stories and poems, labeled reading and rebuses to help young children discover the pleasure of reading. | ||
| 650 | _aChildren's literature, American | ||
| 650 | _aLiterature-Collections | ||
| 650 | _aAlphabet | ||
| 999 |
_c103690 _d103690 |
||